00310nam a22001337a 4500003000400000008004100004020001800045082001300063100001500076245004100091250001100132260002500143300000800168OSt240131b |||||||| |||| 00| 0 eng d a9789388028028 a005.1MAF aMALL,Rajib aFundamentals of Software Engineering a5th Ed aNew DelhibPHIc2023 a590